Il comportamento sessuale nella societa /

Uloženo v:
Podrobná bibliografie
Hlavní autor: Comfort, Alex (Autor)
Další autoři: Goia Alfieri, Michela (Překladatel)
Médium: Kniha
Jazyk:italština
Vydáno: Torino : Taylor, 1960
Edice:Iside
Témata:
Tagy: Přidat tag
Žádné tagy, Buďte první, kdo vytvoří štítek k tomuto záznamu!

MARC

LEADER 00000nam a22000007i 4500
001 IT\ICCU\SBL\0242352
003 ItRI
005 20260115232230.0
008 910930s1960 it |||||| ||||| |||||c
015 |2 IT  |a 601007 
040 |b ita  |c importazione bologna sebina 
041 7 |a ita  |2 ISO-639-2 
082 |a 301.424  |9 SESSO  |2 16 
100 1 |a Comfort, Alex  |0 IT\ICCU\CFIV\028548  |4 aut 
240 1 0 |a Sexual behaviour in society.  |3 IT\ICCU\SBL\0242353  |9 Comfort, Alex 
245 1 3 |a Il comportamento sessuale nella societa /  |c A. Comfort ; traduzione di Michela Goia Alfieri. 
260 |a Torino :  |b Taylor,  |c 1960 
300 |a 156 p. ;  |c 21 cm. 
650 7 |a Sesso  |x Sociologia 
700 1 |a Goia Alfieri, Michela  |0 IT\ICCU\SBLV\139474  |4 trl 
830 0 |a Iside  |0 IT\ICCU\SBL\0504503 
942 |2 ddc  |c BK  |n 0 
952 |0 0  |1 0  |4 0  |6 DOC_306_700000000000000_COM  |7 0  |9 22523  |a BO  |b BO  |d 2026-01-15  |i 67  |l 0  |o DOC 306.7 COM  |p BO67  |r 2026-01-15 23:22:30  |w 2026-01-15  |x [Sebina 7] [1 v. (2. copia)]  |y BK  |z 1 v. (2. copia) 
952 |0 0  |1 0  |4 0  |6 DOC_306_700000000000000_COM  |7 0  |9 22524  |a BO  |b BO  |d 2026-01-15  |i 1113  |l 0  |o DOC 306.7 COM  |p BO1113  |r 2026-01-15 23:22:30  |w 2026-01-15  |x [Sebina 7] [1 v.]  |y BK  |z 1 v. 
999 |c 19232  |d 19232